Organic Chemistry. (Record no. 1929)

MARC details
000 -LEADER
fixed length control field 00350nam a22001217a 4500
005 - DATE AND TIME OF LATEST TRANSACTION
control field 20200907103045.0
008 - FIXED-LENGTH DATA ELEMENTS--GENERAL INFORMATION
fixed length control field 200907b ||||| |||| 00| 0 eng d
020 ## - INTERNATIONAL STANDARD BOOK NUMBER
International Standard Book Number 471035610
040 ## - CATALOGING SOURCE
Transcribing agency CML
245 ## - TITLE STATEMENT
Title Organic Chemistry.
Statement of responsibility, etc. Solomons, T.
260 ## - PUBLICATION, DISTRIBUTION, ETC.
Place of publication, distribution, etc. New york
Name of publisher, distributor, etc. John Wiley and Sons
Date of publication, distribution, etc. 1976
942 ## - ADDED ENTRY ELEMENTS (KOHA)
Source of classification or shelving scheme Dewey Decimal Classification
Koha item type Books
Edition 1st Edition
Classification part 547
Call number suffix SOL
Holdings
Withdrawn status Lost status Source of classification or shelving scheme Damaged status Not for loan Collection code Home library Current library Shelving location Date acquired Total Checkouts Full call number Date last seen Copy number Price effective from Koha item type Barcode Date due Date last checked out
    Dewey Decimal Classification     Natural Sciences & Mathematics Chalimbana Main Library Chalimbana Main Library Natural Sciences & Mathematics 09/07/2020   547 SOL 09/07/2020 1 09/07/2020 Books      
    Dewey Decimal Classification       Chalimbana Main Library Chalimbana Main Library   06/28/2022 1   06/28/2022   06/28/2022 Books 003135 07/12/2022 06/28/2022
    Dewey Decimal Classification       Chalimbana Main Library Chalimbana Main Library   06/28/2022     06/28/2022   06/28/2022 Books 003136    
    Dewey Decimal Classification       Chalimbana Main Library Chalimbana Main Library   06/28/2022     06/28/2022   06/28/2022 Books 003137    
    Dewey Decimal Classification       Chalimbana Main Library Chalimbana Main Library   06/28/2022     06/28/2022   06/28/2022 Books 003138    
    Dewey Decimal Classification       Chalimbana Main Library Chalimbana Main Library   06/28/2022     06/28/2022   06/28/2022 Books 003139    

Powered by Koha